Codéine 19 - Hamza - Statistiques

Statistiques générales
  • Ce quiz a été pris 164 fois
  • Le résultat moyen est 190 sur 254
Statistiques - réponses
Réponse % Correct
la
100%
La
100%
ma
99%
Ma
99%
a
98%
à
98%
bitch
98%
le
96%
que
96%
elle
95%
nouvelle
93%
code
92%
du
92%
Codéine
91%
codéine
91%
sale
90%
trentaine
90%
ça
89%
Ça
89%
j'lui
89%
Appartement
88%
de
88%
fais
88%
nouveau
88%
quoi
88%
dit
87%
tu
87%
et
86%
innocent
85%
sang ?
85%
sang
85%
dis
83%
jeune
83%
penthouse
83%
veux
83%
dans
82%
vingtaine
82%
nous
81%
c'que
80%
19
79%
premier
79%
Mon
78%
en
75%
j'suis
73%
J'suis
73%
noyé
73%
hier
72%
mais
72%
C'est
71%
c'est
71%
d'avoir
71%
mieux
71%
vie
71%
bien
70%
Bien
70%
demain
70%
d'être
70%
part
70%
plug
70%
Rolls Royce
70%
j'vois
69%
devant
68%
Versailles
68%
fuck
67%
mes
67%
mauve
66%
tout
66%
Scam
65%
scam
65%
des
64%
d'la
64%
si
64%
fin
61%
connexions
60%
une
59%
connais
58%
pas
58%
tombé
58%
balle
57%
j'venais
57%
lean
56%
peux
56%
sûr
55%
sur
55%
temps
55%
les
54%
Nobu
54%
parle
52%
t'prendre
52%
peuf
50%
pleine
50%
pour
50%
sacoche
50%
j'te
49%
2022
48%
as
48%
Châteaux
48%
High
48%
avec
47%
juste
47%
mode
47%
what's up
47%
baiser
46%
qui
44%
ceux
42%
j'ai
42%
J'ai
42%
veulent
41%
lum
39%
place
39%
mort
37%
frérots
36%
j'viens
34%
Bébé
31%
square
31%
nord
27%
tess
27%
tournait
24%
Aucun quiz correspondant
Distribution des résultats
% des personnes avec chaque résultat
Percentile par nombre de réponses
Votre historique - résultats
Vous n’avez pas pris ce quiz